Question! Lyrics - Statistics

General Stats
  • This quiz has been taken 5 times
  • The average score is 7 of 10
Answer Stats
Lyrics % Correct
Are you {dreaming}?
80%
Do we, do we {know}
80%
Ghosts are now {waiting} {for} {you}
80%
{Sweet} {berries} ready for two
80%
When we, when we {go}
80%
Do we {die}?
60%
Dreaming {alright}
60%
Dreaming {the} {night}
60%
When we {fly}?
60%
Ghosts are {no} {different} than you
20%
No matching quizzes found
Score Distribution
Percent of People with Each Score
Percentile by Number Answered
Your Score History
You have not taken this quiz